| 000 | 00511nam a2200205Ia 4500 | ||
|---|---|---|---|
| 005 | 20260429112111.0 | ||
| 008 | 260429s9999||||xx |||||||||||||| ||und|| | ||
| 020 | _a9781394331895 | ||
| 041 | _aEnglish | ||
| 082 |
_a671.52 _bSAN |
||
| 100 | _aSandip Kumar | ||
| 245 | 0 |
_aAdvanced welding technologies / _cSandip Kumar |
|
| 250 | _a1st ed. | ||
| 260 |
_aUSA : _bWiley, _c2025. |
||
| 300 | _axxv, 580 p.; hb | ||
| 650 | _a Technologies | ||
| 650 | _aWelding | ||
| 700 | _a Mandal, Gurudas | ||
| 942 | _cTB | ||
| 999 |
_c52353 _d52353 |
||